000
00240nam a2200097Ia 4500
008
220204s9999 xx 000 0 und d
082
_a
581(038)
_b
PEN
245
0
_a
Penguin dictionary of botany
260
_a
London
_b
Penguin
_c
1984
942
_c
BK
999
_c
38103
_d
38103